| 000 | 00423 a2200145 4500 | ||
|---|---|---|---|
| 999 |
_c3834 _d3834 |
||
| 020 | _a0435452061 | ||
| 050 | _aQA75.5 BES 2004 | ||
| 100 |
_aBessant, Angela _eauthor |
||
| 245 |
_aLearning to use Office 2000 for CLAIT and IBT II / _cAngela Bessant |
||
| 264 |
_aOxford : _bHeinemann, _c2004 |
||
| 300 | _avii, 311 pages ; 30 cm | ||
| 500 | _alncludes index | ||
| 650 | _aMicrosoft Office. | ||
| 942 |
_2lcc _cBK _h75.5 _iBES _kQA |
||